000 00972nam a2200265Ia 4500
003 OSt
005 20221005110007.0
006 a|||||r|||| 00| 0
007 ta
008 GUJ
020 _a8126021411 (hbk)
_c375
024 _a93192
037 _b525, 19/03/2009, Vani Prakashan
_cTextual
040 _aCRL
_cCRL
_bGUJ
041 _2GUJ
_aGUJ
082 _aO156,2x, 152K9
100 _aब्रोकर, गुलाबदास, संपा.
245 0 _aगुजराती के श्रेष्ठ एकांकी
246 _aGujarātī ke shreṣhṭha ekāankī
260 _aनई दिल्ली
_bसाहित्य अकादेमी भारत
_c1969
300 _a298पृ0
_ccm.
650 _aगुजराती साहित्य
942 _hO156,2x, 152K9
_cTEXL
_2cc
999 _c1017463
_d1017463